Leader xxxxxxxxxx
001 __ PCLIS00044027
005 __ 20220912133636.0
010 0_ |a978-986-120-963-0|b平裝|dNT$280
100 __ |a20111124d2011 m y0chiy09 e
101 0_ |achi
102 __ |atw
105 __ |aa z 000cy
200 1_ |a接接在日本|h2|f接接(Jae Jae)圖.文
205 __ |a初版
210 __ |a臺北市|c商周出版|c家庭傳媒城邦分公司發行|d2011[民100]
215 0_ |a211面|c彩圖|d22公分
225 1_ |aColorful|v28
300 __ |a書背及封面副題名: 日本不思議ㄋㄟ!
300 __ |a本館最新館藏為2016年21刷
300 __ |a作者號由t038補0(1019294), 由t561刪除
517 1_ |a日本不思議ㄋㄟ!|zchi
681 __ |a855|b844 v.2
681 __ |a855|b8440 v.2
700 _0 |a接接|c(Jae Jae)|4圖.文
801 _0 |atw|b內湖高中|c20111124|gCCR
801 _2 |atw|b內湖高中|c20220912|gCCR
|